| 000 | 00688nam a2200229 i 4500 | ||
|---|---|---|---|
| 003 | DO-SdBNP | ||
| 005 | 20230824143405.0 | ||
| 006 | a||||gr|||| 00| 0 | ||
| 007 | ta | ||
| 008 | 230809e1962 dr ||||| |||| 00| 0 spa d | ||
| 040 |
_aDO-SdBNP _bspa _cBNPHU _erda |
||
| 082 | 4 |
_222 _bP437c |
|
| 100 | 1 |
_aOrnes de Perelló, Amanda, _957821 _d1987 - 1981 _eautora |
|
| 245 | 1 | 0 |
_aCocina criolla. / _cAmanda Ornes viuda de Perelló |
| 264 | 1 |
_aSanto Domingo : _bDel Caribe, _c1962 |
|
| 300 |
_a624 páginas ; _c23 cm. |
||
| 336 |
_2rdacontent _atexto _btxt |
||
| 337 |
_2rdamedia _asin mediación _bn |
||
| 338 |
_2rdacarrier _avolumen _bnc |
||
| 590 | _aInventariado 2023 / MF | ||
| 942 |
_2ddc _cLBS1 |
||
| 999 |
_c54359 _d54359 |
||